| 000 | 00385nam a2200145Ia 4500 | ||
|---|---|---|---|
| 008 | 231217s9999 xx 000 0 und d | ||
| 041 | _aEnglish | ||
| 082 | _a001.6424C BAR | ||
| 100 | _aBarrett, Martin L Wagner, Clifford H | ||
| 245 | 0 | _aC and Unix: Tools for software design | |
| 260 |
_c1996 _bNew York : John Wiley, |
||
| 300 | _axvii+446 | ||
| 650 | _aC Unix | ||
| 942 | _cAA | ||
| 999 |
_c165321 _d165321 |
||